[Event "Granada Region-ch Seniors"]
[Site "Granada"]
[Date "2013.??.??"]
[Round "3.5"]
[White "Chico Rodriguez, Agustin"]
[Black "Cabrera Espinosa, Jose Antonio"]
[Result "1-0"]
[WhiteElo "1505"]
[BlackElo "1256"]
[PlyCount "40"]
[EventDate "2013.01.08"]
[EventType "swiss"]
[EventRounds "6"]
[EventCountry "ESP"]
[SourceTitle "EXT 2024"]
[Source "ChessBase"]
[SourceDate "2023.10.10"]
[SourceVersion "1"]
[SourceVersionDate "2023.10.10"]
[SourceQuality "1"]

1. e4 e5 2. Nf3 Bc5 3. Bc4 Nf6 4. Nxe5 Nc6 5. Nxf7 Qe7 6. Nxh8 Qxe4+ 7. Qe2 Nd4 8. Qxe4+ Nxe4 9. Bd3 d5 10. 0-0 Bf5 11. c3 Ne6 12. Bxe4 Bxe4 13. d4 Be7 14. Re1 0-0-0 15. Nf7 Bh4 16. Nxd8 Kxd8 17. g3 Bf6 18. f3 Ng5 19. Bxg5 Bxf3 20. Bxf6+ gxf6 1-0

[Event "Granada Region-ch Seniors"]
[Site "Granada"]
[Date "2013.??.??"]
[Round "6.4"]
[White "Pavon Roldan, Antonio"]
[Black "Cabrera Espinosa, Jose Antonio"]
[Result "1-0"]
[WhiteElo "1548"]
[BlackElo "1256"]
[PlyCount "59"]
[EventDate "2013.01.08"]
[EventType "swiss"]
[EventRounds "6"]
[EventCountry "ESP"]
[SourceTitle "EXT 2024"]
[Source "ChessBase"]
[SourceDate "2023.10.10"]
[SourceVersion "1"]
[SourceVersionDate "2023.10.10"]
[SourceQuality "1"]

1. f4 e5 2. Nf3 exf4 3. h4 Bc5 4. d4 Bd6 5. Nc3 Nf6 6. Ne5 Nh5 7. Ne4 Bxe5 8. dxe5 Nc6 9. e3 Ng3 10. Nxg3 fxg3 11. Qg4 Qe7 12. Qxg7 Qxe5 13. Qxe5+ Nxe5 14. Bd2 Ng4 15. Ke2 Nf2 16. Rg1 d5 17. Kf3 Rg8 18. Be1 Bg4+ 19. Kf4 Nh3+ 20. gxh3 Bh5 21. Rxg3 0-0-0 22. Bd3 d4 23. Rxg8 Rxg8 24. exd4 Rg1 25. b3 Rh1 26. Bc3 Rxh3 27. Bf5+ Kb8 28. Bxh3 Bg6 29. Re1 a6 30. Bf5 1-0

[Event "La Zubia Villa 1st"]
[Site "La Zubia"]
[Date "2011.12.04"]
[Round "2.6"]
[White "Ortiz Gomez, Jose Manuel"]
[Black "Cabrera Espinosa, Jose Antonio"]
[Result "1-0"]
[WhiteElo "1315"]
[BlackElo "1339"]
[PlyCount "55"]
[EventDate "2011.12.03"]
[EventType "swiss"]
[EventRounds "6"]
[EventCountry "ESP"]
[SourceTitle "EXT 2024"]
[Source "ChessBase"]
[SourceDate "2023.10.10"]
[SourceVersion "1"]
[SourceVersionDate "2023.10.10"]
[SourceQuality "1"]

1. e4 e5 2. Nf3 Bc5 3. Bc4 Nf6 4. Nc3 c6 5. 0-0 d5 6. exd5 cxd5 7. Bb5+ Bd7 8. Qe2 e4 9. d3 d4 10. Bxd7+ Qxd7 11. Nxe4 0-0 12. Nxc5 Qc6 13. Nb3 Re8 14. Qd1 Nd5 15. Nbxd4 Qc8 16. Bd2 Nd7 17. Nf5 Qc6 18. c4 N5f6 19. Bc3 Nh5 20. N3d4 Qg6 21. Ng3 Nf4 22. Qf3 Nxd3 23. Ndf5 N7c5 24. b4 Ne5 25. Bxe5 Rxe5 26. bxc5 Rxc5 27. Qxb7 Rac8 28. Ne7+ 1-0